Brutal batalla de silencios /
Сохранить в:
| Главный автор: | |
|---|---|
| Формат: | Неизвестно |
| Язык: | Spanish |
| Опубликовано: |
Guatemala :
Editorial Cultura,
1990.
|
| Серии: | (Colección Poesía Guatemalteca; Siglo XX ;
número 4) |
| Предметы: | |
| Метки: |
Добавить метку
Нет меток, Требуется 1-ая метка записи!
|
MARC
| LEADER | 000000000a22000000004500 | ||
|---|---|---|---|
| 001 | 001772 | ||
| 041 | 0 | |a spa | |
| 082 | 0 | 4 | |a G861.44 |b T649b |
| 100 | 1 | |a Toledo, Aida, |d 1952- | |
| 245 | 1 | 0 | |a Brutal batalla de silencios / |c Aida Toledo. |
| 260 | 1 | |a Guatemala : |b Editorial Cultura, |c 1990. | |
| 300 | |a 33 hojas en estuche | ||
| 490 | 1 | |a (Colección Poesía Guatemalteca; Siglo XX ; |v número 4) | |
| 500 | |a Otro ejemplar con número de inscripción 14768 | ||
| 650 | 4 | |a LITERATURA GUATEMALTECA | |
| 650 | 4 | |a POESIA | |
| 999 | |c 8441 |d 8441 | ||
| 942 | |c BK |h G861.44 T649b |2 z | ||
